Statistics for Countries that has french as their official language

Click here to take the quiz!

General Stats

  • This quiz has been taken 36 times
  • The average score is 21 of 28

Answer Stats

Answer% Correct
France
100%
Belgium
97%
Senegal
87%
Benin
84%
Chad
84%
Luxembourg
84%
Mali
84%
Republic of Congo
84%
Switzerland
84%
Canada
81%
Monaco
81%
Niger
81%
Burkina Faso
77%
Cameroon
77%
Côte d'Ivoire
77%
Central African Republic
74%
Burundi
71%
Haiti
71%
Madagascar
71%
Togo
71%
Seychelles
68%
Comoros
65%
Guinea
65%
Rwanda
65%
Djibouti
61%
Vanuatu
55%
Equatorial Guinea
52%
Democrtic Republic of Congo
39%

Score Distribution

Percentile by Number Answered

Percent of People with Each Score

Your Score History

You have not taken this quiz